Polygons by Number of Sides - Statistics

General Stats
  • This quiz has been taken 58 times
  • The average score is 8 of 15
Answer Stats
Hint Answer % Correct
6 sides hexagon
100%
8 sides octagon
100%
5 sides pentagon
100%
10 sides decagon
93%
9 sides nonagon
93%
7 sides heptagon
89%
12 sides dodecagon
67%
17 sides heptadecagon
26%
16 sides hexadecagon
26%
18 sides octadecagon
26%
15 sides pentadecagon
26%
11 sides hendecagon
22%
14 sides tetradecagon
19%
19 sides enneadecagon
15%
13 sides triskaidecagon
15%
No matching quizzes found
Score Distribution
Percent of People with Each Score
Percentile by Number Answered
Your Score History
You have not taken this quiz